000 00933nam a2200229 a 4500
001 56986
003 BD-RjUL
005 20211209080445.0
008 161205s1988 bg ||||| |b|| 001 0 ben d
035 _a(BD-RjUL)57110
040 _aBD-RjUL
_bben
_cBD-RjUL
041 _aben
082 _223
_a297.5492
_bABK 1988
100 1 0 _aআবূ তালিব, মুহাম্মদ
_9169351
245 0 1 _aখুলনা জেলায় ইসলাম /
_cমুহাম্মদ আবূ তালিব
260 _aঢাকা :
_bইসলামিক ফাউন্ডেশন বাংলাদেশ,
_c১৯৮৮.
300 _a[সাত] ২৩০ পৃ. ;
_c২১ সেমি.
504 _aগ্রন্থপুজ্ঞি ও নির্ঘন্ট সংযুক্ত
650 _aইসলাম
_zবাংলাদেশ
_9119382
650 _aIslam
_zBangladesh
_9169352
942 _2ddc
_cBK
999 _c56986
_d56986